مكتبة جامعة عجلون الوطنية

فهرس بحث المكتبة

اثر تطبيق المعيار الدولي لإدارة المخاطر ايزو 31000 في الاداء التنظيمي في شركة كهرباء إربد = The Impact of Implementing International Standard for Risk Management ISO 31000 in the Organizational Performance at Irbid Electricity Company / (Record no. 33415)

MARC details
000 -LEADER
fixed length control field 01111nam a22002057a 4500
003 - CONTROL NUMBER IDENTIFIER
control field JO-AjAnu
005 - DATE AND TIME OF LATEST TRANSACTION
control field 20240605122402.0
008 - FIXED-LENGTH DATA ELEMENTS--GENERAL INFORMATION
fixed length control field 240403b jo ||||| |||| 00| 0 ara d
040 ## - CATALOGING SOURCE
Original cataloging agency JO-AjAnu
Transcribing agency JO-AjAnu
041 #0 - LANGUAGE CODE
Language code of text/sound track or separate title ara
050 ## - LIBRARY OF CONGRESS CALL NUMBER
Classification number HD61
Item number 2023
100 #1 - MAIN ENTRY--PERSONAL NAME
Personal name الحموري، زايد امجد
9 (RLIN) 65278
Relator term معد
245 #0 - TITLE STATEMENT
Title اثر تطبيق المعيار الدولي لإدارة المخاطر ايزو 31000 في الاداء التنظيمي في شركة كهرباء إربد = The Impact of Implementing International Standard for Risk Management ISO 31000 in the Organizational Performance at Irbid Electricity Company /
Statement of responsibility, etc. اعداد زايد امجد الحموري ؛ إشراف بلال احمد المثاني
260 ## - PUBLICATION, DISTRIBUTION, ETC.
Date of publication, distribution, etc. 2023
300 ## - PHYSICAL DESCRIPTION
Extent 126ورقة
500 ## - GENERAL NOTE
General note رسالة جامعية(ماجستير).- جامعةعجلون الوطنية (عجلون، الأردن) ، كليةالأعمال، تخصص إدارة الاعمال ، 2022.
650 70 - SUBJECT ADDED ENTRY--TOPICAL TERM
Topical term or geographic name entry element إدارة المخاطر
9 (RLIN) 65279
700 #1 - ADDED ENTRY--PERSONAL NAME
Personal name المثاني، بلال احمد
9 (RLIN) 65043
Relator term مشرف
942 ## - ADDED ENTRY ELEMENTS (KOHA)
Source of classification or shelving scheme Library of Congress Classification
Koha item type Thesis
Suppress in OPAC No
Holdings
Withdrawn status Lost status Source of classification or shelving scheme Damaged status Not for loan Home library Current library Date acquired Total Checkouts Full call number Barcode Date last seen Price effective from Koha item type
    Library of Congress Classification     مكتبة جامعة عجلون الوطنية مكتبة جامعة عجلون الوطنية 03/04/2024   HD61.2023 A29325 03/04/2024 03/04/2024 Thesis
    Library of Congress Classification     مكتبة جامعة عجلون الوطنية مكتبة جامعة عجلون الوطنية 03/04/2024   HD61.2023 A29326 03/04/2024 03/04/2024 Thesis